Pierwsze kluby piłkarzy i kontynentów - Statystyki

Ogólne statystyki
  • Ten quiz został rozwiązany 54 razy
  • Średni wynik to 8 z 15
Statystyki odpowiedzi
Zagadnienie Odpowiedź % Poprawnych
Kylian Mbappe KM10 AS Monaco
100%
NJ10 Santos FC
100%
Erling Haaland EH9 Bryne FK
80%
Lionel Messi LM10 FC Barcelona B
80%
Zlatan Ibrahimović ZI9 Malmo FF
80%
Europy Sheffield FC
80%
Ronaldinho Gremio
60%
Cristiano Ronaldo CR7 CF Andorinha
40%
Pele Santos FC U20
40%
Pierwszy klub Świata Sheffield FC
40%
Niemczech Dresden English FC
20%
Diego Maradona DM10 Los Cebollitas
20%
Robert Lewandowski RL9 Partyzant Leszno
20%
Polski Resovia Rzeszów
20%
Rivaldo Mogi Mirim EC
0%
Nie znaleziono quizów pasujących do podanych kryteriów
Rozkład punktacji
Procent ludzi z każdym wynikiem
Percentyl według liczby udzielonych odpowiedzi
Twoja historia wyników
Nie rozwiązałeś tego quizu